000 01067cab a2200301 4500
001 ABS53740
008 090401t1995 xxu||||| |||| 00| 0 eng d
035 _a(Sirsi) u6332
041 _aeng
100 _aAdams, D.
245 _aIndustrial land availability: the case of the Cheshire- Wirral corridor
260 _c1995
350 _a0
490 _aTown Planning Review
_v66(4) October 1995, 411-430(20)
520 _aEvaluates the extent to which development constraints impede availablity of land for industrial development. Considers planning restrictions, physical or infrastructure difficulties, passive ownership and uncertanties about land values. References.
650 _aINDUSTRIAL DEVELOPMENT
650 _aINDUSTRIAL LAND
650 _aINFRASTRUCTURE CONSTRAINTS
650 _aLAND AVAILABILITY
650 _aLAND VALUES
650 _aPASSIVE OWNERSHIP
650 _aPLANNING RESTRICTIONS
690 _aPROPERTY-PROPERTY DEVELOPMENT
700 _aRussell, L.
700 _aTaylor-Russell, C.
942 _n0
948 _c04/03/1997
999 _c3814
_d3814